[Event "Detroit (MOR/1a/34)"]
[Site "?"]
[Date "1994.??.??"]
[Round "?"]
[White "Strenio, G."]
[Black "Bedy, N."]
[Result "0-1"]
[WhiteElo "1605"]
[BlackElo "1605"]
[PlyCount "102"]
[EventDate "1994.??.??"]

1. d4 d5 2. c4 dxc4 3. Nc3 Nf6 4. Nf3 a6 5. a4 e6 6. Bg5 Be7 7. e4 O-O 8. Bxc4
b6 9. Rc1 Bb7 10. Qe2 Nfd7 11. Bxe7 Qxe7 12. O-O c5 13. d5 e5 14. Rcd1 Qd6 15.
Nh4 g6 16. Qe3 Nf6 17. Be2 Bc8 18. h3 Bd7 19. Qh6 b5 20. axb5 axb5 21. f4 b4
22. fxe5 Qxe5 23. Nf3 Qh5 24. Qf4 bxc3 25. Nd4 Nxd5 26. exd5 Qxd5 27. Bf3 Qa2
28. Bxa8 cxd4 29. Ra1 Qc4 30. bxc3 Qxc3 31. Bd5 Qe3+ 32. Qxe3 dxe3 33. Rae1 e2
34. Rf2 Bb5 35. Bf3 Re8 36. Bxe2 Nc6 37. Kf1 Rxe2 38. Rexe2 Nd4 39. g4 Nxe2 40.
Rxe2 Bxe2+ 41. Kxe2 Kg7 42. Kf3 f5 43. g5 Kf7 44. h4 Ke6 45. Kf4 Kd5 46. Ke3
Ke5 47. Kf3 f4 48. Ke2 Ke4 49. Kf2 f3 50. Ke1 Ke3 51. Kf1 f2 0-1

[Event "Grand Rapids (MI Am/4/4)"]
[Site "?"]
[Date "1994.??.??"]
[Round "?"]
[White "Straub, F."]
[Black "Velasquez, A."]
[Result "1-0"]
[WhiteElo "1885"]
[BlackElo "1645"]
[PlyCount "65"]
[EventDate "1994.??.??"]

{4/(4)} 1. c4 c5 2. Nc3 Nc6 3. g3 Nf6 4. Bg2 g6 5. e3 Bg7 6. Nge2 O-O 7. O-O d6
8. a3 Bf5 9. e4 Bd7 10. Rb1 Rb8 11. b4 b6 12. h3 Qc8 13. Kh2 Nd4 14. d3 h5 15.
Bg5 Nc6 16. b5 Nd8 17. Bxf6 exf6 18. Nd5 Re8 19. Qd2 Ne6 20. Rbe1 Qd8 21. f4
Nc7 22. Nec3 Be6 23. Nxc7 Qxc7 24. f5 Bd7 25. Nd5 Qd8 26. Qf4 Re5 27. fxg6 Rxd5
28. gxf7+ Kxf7 29. exd5 Qf8 30. Bf3 Kg6 31. Qh4 Kf7 32. Bxh5+ Kg8 33. Bg6 1-0

[Event "Grand Rapids (MI Am/2/8)"]
[Site "?"]
[Date "1994.??.??"]
[Round "?"]
[White "Straub, F."]
[Black "Griffin, John"]
[Result "1-0"]
[WhiteElo "1885"]
[BlackElo "1605"]
[PlyCount "33"]
[EventDate "1994.??.??"]

{2/(8)} 1. c4 Nf6 2. Nc3 e6 3. d4 Bb4 4. e3 O-O 5. Bd3 c5 6. Nf3 d6 7. O-O Bxc3
8. bxc3 b6 9. e4 Bb7 10. Re1 Qc7 11. e5 dxe5 12. dxe5 Nfd7 13. Bxh7+ Kh8 14.
Ng5 Nxe5 15. Qh5 g6 16. Qh6 f6 17. Qxf8# 1-0

[Event "Detroit (Beg/3/15)"]
[Site "?"]
[Date "1994.??.??"]
[Round "?"]
[White "Stone, Rick"]
[Black "Sloan, M."]
[Result "1-0"]
[WhiteElo "1605"]
[BlackElo "1605"]
[PlyCount "57"]
[EventDate "1994.??.??"]

{3/(15)} 1. d4 Nc6 2. e3 b6 3. Nf3 Bb7 4. Bc4 Nh6 5. O-O g6 6. b3 Bg7 7. Ba3
O-O 8. Qd3 d6 9. Nbd2 a6 10. Rae1 Qd7 11. Ne4 Ra7 12. d5 a5 13. Bb5 e6 14. Qc4
Nd4 15. Bxd7 b5 16. Qxc7 Raa8 17. Nxd4 Bxd5 18. Nxd6 Bxd4 19. exd4 Ng4 20. Nxb5
h6 21. f3 a4 22. fxg4 axb3 23. Bc1 bxa2 24. Bxh6 a1=Q 25. Rxa1 Bb3 26. cxb3
Rxa1 27. Rxa1 f5 28. Qe5 fxg4 29. Qg7# 1-0

[Event "Detroit (Beg/4/10)"]
[Site "?"]
[Date "1994.??.??"]
[Round "?"]
[White "Stone, Rick"]
[Black "Choate, Eric"]
[Result "1-0"]
[WhiteElo "1605"]
[BlackElo "1605"]
[PlyCount "115"]
[EventDate "1994.??.??"]

{4/(10)} 1. d4 d5 2. Bf4 Nf6 3. e3 Bf5 4. Nc3 e6 5. Be2 Bd6 6. Nf3 Bxf4 7. exf4
Qd6 8. Qd2 O-O 9. O-O Qb4 10. Rab1 Ne4 11. Qe1 Nxc3 12. bxc3 Qd6 13. Qd2 Nc6
14. Nh4 Be4 15. f3 Qe7 16. g3 Bf5 17. Rxb7 Bh3 18. Rf2 Rab8 19. Rb3 Rxb3 20.
cxb3 Qa3 21. Bb5 Na5 22. b4 Nc4 23. Qc2 Rb8 24. Bxc4 dxc4 25. Re2 Re8 26. Re5
f6 27. Ra5 Qxa5 28. bxa5 e5 29. Qe4 Kf8 30. Qb7 exf4 31. Qxa7 fxg3 32. hxg3 g5
33. Ng2 Re2 34. Qc5+ Kg7 35. Qxc7+ Kg6 36. Qxc4 Rxg2+ 37. Kh1 h5 38. Qd3+ Kh6
39. a6 h4 40. Qf1 hxg3 41. Qxg2 Bxg2+ 42. Kxg2 Kh5 43. a7 Kh4 44. a8=Q g4 45.
Qh8+ Kg5 46. Qg8+ Kf4 47. Qxg4+ Ke3 48. Kxg3 Kd3 49. Qg6+ Kxc3 50. Qxf6 Kb2 51.
d5+ Kxa2 52. d6 Kb1 53. d7 Kc1 54. Qd6 Kc2 55. d8=Q Kc3 56. Q6c7+ Kb4 57. Qdb8+
Ka4 58. Qca7# 1-0

[Event "Detroit (MI Op/3/2)"]
[Site "?"]
[Date "1994.??.??"]
[Round "?"]
[White "Stone, Ray"]
[Black "Finegold, Mark"]
[Result "1/2-1/2"]
[WhiteElo "2430"]
[BlackElo "2225"]
[PlyCount "39"]
[EventDate "1994.??.??"]

{3/(2)} 1. d4 d5 2. c4 c6 3. Nc3 dxc4 4. e4 b5 5. a4 b4 6. Na2 Nf6 7. e5 Nd5 8.
Bxc4 Bf5 9. Nf3 e6 10. Bg5 Be7 11. Bxe7 Qxe7 12. O-O O-O 13. Nc1 Nd7 14. Nb3
N5b6 15. Bd3 Bxd3 16. Qxd3 c5 17. dxc5 Nxc5 18. Nxc5 Qxc5 19. Rac1 Qd5 20. Qxd5
1/2-1/2

[Event "Detroit (MI Op/1a/2)"]
[Site "?"]
[Date "1994.??.??"]
[Round "?"]
[White "Stone, Ray"]
[Black "Brattin, Vincent"]
[Result "1-0"]
[WhiteElo "2430"]
[BlackElo "1965"]
[PlyCount "37"]
[EventDate "1994.??.??"]

1. d4 d5 2. c4 c6 3. Nf3 Bf5 4. cxd5 cxd5 5. Qb3 b6 6. Nc3 Nf6 7. Bf4 Nc6 8. e3
Na5 9. Bb5+ Bd7 10. Qa4 a6 11. Bxd7+ Qxd7 12. Qxd7+ Kxd7 13. Na4 Ra7 14. Ne5+
Ke6 15. Nxb6 Rb7 16. Na4 Rb4 17. Nc5+ Kf5 18. h3 h5 19. g4+ 1-0

[Event "Gaylord (NMO/1/7)"]
[Site "?"]
[Date "1994.??.??"]
[Round "?"]
[White "Stockton, T."]
[Black "Morio, J."]
[Result "1-0"]
[WhiteElo "1765"]
[BlackElo "1605"]
[PlyCount "49"]
[EventDate "1994.??.??"]

{1/(7)} 1. e4 e5 2. Nf3 d6 3. d4 exd4 4. Nxd4 a6 5. Nc3 Nf6 6. Be2 Be6 7. Bg5
Qe7 8. O-O Nbd7 9. f4 Nb6 10. e5 Bc4 11. exf6 gxf6 12. Bh4 O-O-O 13. Bf2 c5 14.
Bg4+ Kb8 15. Re1 Be6 16. Nxe6 fxe6 17. Bxe6 Qc7 18. a4 Qc6 19. a5 Nd7 20. Bd5
Qc7 21. Qf3 Rc8 22. Ra3 Ka7 23. b4 b6 24. axb6+ Nxb6 25. Nb5+ 1-0

[Event "Detroit (Class C/2/6)"]
[Site "?"]
[Date "1994.??.??"]
[Round "?"]
[White "Stockton, T."]
[Black "Kling, G."]
[Result "1-0"]
[WhiteElo "1605"]
[BlackElo "1605"]
[PlyCount "120"]
[EventDate "1994.??.??"]

{2/(6)} 1. e4 e6 2. d4 d5 3. Nc3 Bb4 4. e5 c5 5. Bd2 Ne7 6. Nb5 Bxd2+ 7. Qxd2
Nf5 8. dxc5 O-O 9. Nf3 Nd7 10. g4 Nh4 11. Nxh4 Qxh4 12. O-O-O Nxe5 13. Be2 Qxf2
14. Rdf1 Qxc5 15. Qf4 Bd7 16. Nc3 Qc7 17. h4 Rac8 18. h5 d4 19. Qxd4 Rfd8 20.
Qf4 Be8 21. g5 Nc4 22. Bxc4 Qxc4 23. Qf2 Qd4 24. Qf3 Qd2+ 25. Kb1 Qxg5 26. Rfg1
Qf5 27. Qg2 Qf6 28. Ne4 Qh6 29. Qf2 f5 30. Ng5 Rd7 31. Qxa7 Rcd8 32. Qe3 Rd6
33. a3 Bc6 34. Rh2 Rd1+ 35. Rxd1 Rxd1+ 36. Ka2 Bd5+ 37. b3 Qf6 38. c3 f4 39.
Qe2 Qxg5 40. Qxd1 f3 41. c4 Qg3 42. Qd2 Bc6 43. h6 g6 44. Rf2 Kf7 45. b4 Ke7
46. Qe3 Qg4 47. Kb3 Qe4 48. Qc3 Qb1+ 49. Rb2 Qd1+ 50. Ka2 Qg1 51. Rb1 f2 52.
Qg7+ Ke8 53. Qg8+ Ke7 54. Qxh7+ Kf6 55. Qg7+ Kg5 56. Qe5+ Kxh6 57. Qf4+ Qg5 58.
Qf8+ Kh5 59. Qxf2 Qe5 60. Qf7 Kh6 1-0

[Event "Detroit (MOR/2/5)"]
[Site "?"]
[Date "1994.??.??"]
[Round "?"]
[White "Stockton, T."]
[Black "Kezele, P."]
[Result "1-0"]
[WhiteElo "1760"]
[BlackElo "1605"]
[PlyCount "83"]
[EventDate "1994.??.??"]

{2/(5)} 1. e4 c5 2. Nf3 d6 3. d4 cxd4 4. Nxd4 g6 5. c4 Bg7 6. Nc3 Nf6 7. Be2
O-O 8. O-O Nc6 9. Be3 Bd7 10. f4 Qb6 11. e5 dxe5 12. fxe5 Nxe5 13. Nf5 Qxb2 14.
Nxe7+ Kh8 15. Bd4 Nc6 16. Nxc6 Bxc6 17. Nd5 Qa3 18. Bxf6 Bxf6 19. Nxf6 Rad8 20.
Qe1 Qe3+ 21. Qf2 Qg5 22. h4 Qe5 23. Ng4 Qe7 24. Bf3 h5 25. Bxc6 hxg4 26. Bd5 f5
27. Rae1 Qc7 28. Qb2+ Kh7 29. Qxb7 Qxb7 30. Bxb7 Rd2 31. Rf2 Rfd8 32. Bd5 Rd3
33. Re7+ Kh6 34. Rfe2 g3 35. R7e3 Rb8 36. Kf1 Rb1+ 37. Re1 Rxe3 38. Rxb1 Kh5
39. Rb3 Re7 40. Rb7 Rxb7 41. Bxb7 Kxh4 42. c5 1-0

[Event "Gaylord (NMO/3/2)"]
[Site "?"]
[Date "1994.??.??"]
[Round "?"]
[White "Stockton, T."]
[Black "Kamberi, Sonny"]
[Result "0-1"]
[WhiteElo "1765"]
[BlackElo "2090"]
[PlyCount "126"]
[EventDate "1994.??.??"]

{3/(2)} 1. c4 e6 2. Nf3 Nf6 3. g3 d5 4. cxd5 exd5 5. Bg2 Bd6 6. d4 O-O 7. Nc3
c6 8. O-O h6 9. Qc2 Re8 10. Bf4 Bxf4 11. gxf4 Ne4 12. Ne5 Nd6 13. Rae1 Bf5 14.
Qd2 Qh4 15. e4 dxe4 16. f3 exf3 17. Nxf3 Qd8 18. d5 c5 19. Rxe8+ Nxe8 20. Re1
Nd6 21. Qe3 Na6 22. Bf1 Qc7 23. Nb5 Nxb5 24. Bxb5 Nb4 25. Qe5 Qxe5 26. Rxe5 Bg4
27. d6 Rd8 28. d7 Bxd7 29. Rxc5 b6 30. Re5 Bxb5 31. Rxb5 Nxa2 32. Kf2 Nc1 33.
Ke3 Nd3 34. Nd4 Nc5 35. b4 Ne6 36. Nc6 Rd7 37. h4 Kf8 38. Re5 Rc7 39. b5 a6 40.
f5 axb5 41. fxe6 Rxc6 42. e7+ Ke8 43. Rxb5 Kxe7 44. Kd4 g6 45. Re5+ Kf6 46. Rb5
g5 47. hxg5+ hxg5 48. Ke4 Kg6 49. Kf3 f5 50. Kg3 f4+ 51. Kg4 Rc5 52. Rxb6+ Kf7
53. Rb7+ Ke6 54. Rg7 Re5 55. Rg8 Kd5 56. Rd8+ Ke4 57. Ra8 Ke3 58. Ra3+ Kf2 59.
Rf3+ Kg2 60. Ra3 f3 61. Rc3 Re4+ 62. Kxg5 f2 63. Kf5 Re2 0-1

[Event "Gaylord (NMO/5/4)"]
[Site "?"]
[Date "1994.??.??"]
[Round "?"]
[White "Stockton, T."]
[Black "Jones, W."]
[Result "1/2-1/2"]
[WhiteElo "1730"]
[BlackElo "1620"]
[PlyCount "54"]
[EventDate "1994.??.??"]

{5/(4)} 1. e4 d5 2. exd5 Nf6 3. d4 Nxd5 4. c4 Nb4 5. Qa4+ N8c6 6. d5 e5 7. Nf3
Bf5 8. dxc6 b6 9. Be2 Nc2+ 10. Kf1 Nxa1 11. Nc3 Nc2 12. Qb5 Bc5 13. Nd5 O-O 14.
Be3 Nxe3+ 15. fxe3 Re8 16. b4 a6 17. Qa4 Bf8 18. Kf2 Be4 19. Rd1 Bxf3 20. gxf3
Qh4+ 21. Kg2 Re6 22. Bd3 e4 23. Bxe4 Rxe4 24. fxe4 Qxe4+ 25. Kf2 Qh4+ 26. Kg1
Qg4+ 27. Kf2 Qh4+ 1/2-1/2

[Event "Detroit (MOR/4/12)"]
[Site "?"]
[Date "1994.??.??"]
[Round "?"]
[White "Stockton, T."]
[Black "Grzegorczyk, Ron"]
[Result "1-0"]
[WhiteElo "1760"]
[BlackElo "1605"]
[PlyCount "75"]
[EventDate "1994.??.??"]

{4/(12)} 1. e4 c5 2. Nf3 Nc6 3. d4 cxd4 4. Nxd4 e5 5. Nb5 d6 6. c4 a6 7. N5a3
Be6 8. Nc3 Nf6 9. Bg5 h6 10. Bxf6 Qxf6 11. Nd5 Qd8 12. Nc2 Qa5+ 13. b4 Qd8 14.
Be2 Be7 15. O-O O-O 16. Qd3 f5 17. f3 Rc8 18. Rfd1 Kh8 19. Kh1 Bg5 20. b5 axb5
21. cxb5 Ne7 22. Nxe7 Bxe7 23. Ne3 f4 24. Nd5 Bxd5 25. exd5 Rc5 26. Rdc1 Bf6
27. Rxc5 dxc5 28. Qe4 Qd7 29. Bd3 g5 30. a4 b6 31. a5 bxa5 32. Rxa5 Kg8 33. b6
Rf7 34. Ra7 Qe8 35. d6 Rd7 36. Ra8 Bd8 37. b7 Rxb7 38. Qxb7 1-0

[Event "Jackson (Prison m/Oct)"]
[Site "?"]
[Date "1994.??.??"]
[Round "?"]
[White "Stockton, T."]
[Black "Foster, E."]
[Result "1-0"]
[WhiteElo "1765"]
[BlackElo "1605"]
[PlyCount "95"]
[EventDate "1994.??.??"]

1. e4 e5 2. Nf3 d6 3. d4 exd4 4. Nxd4 Nf6 5. Nc3 c5 6. Nf3 Bg4 7. Be2 Be7 8.
O-O Qb6 9. h3 Bh5 10. Nd5 Nxd5 11. Qxd5 Bg6 12. Nd2 Qc6 13. Re1 O-O 14. Bc4 b5
15. Qxc6 Nxc6 16. Bxb5 Nd4 17. Ba4 Rab8 18. c3 Ne6 19. Nc4 f5 20. Bd7 Rf6 21.
exf5 Bxf5 22. g4 Rg6 23. Kh2 Ng5 24. Bxg5 Bxg5 25. Bxf5 Bf4+ 26. Kg2 Rf6 27.
Rad1 h5 28. Re4 g5 29. f3 hxg4 30. fxg4 Rd8 31. Ne3 Rb8 32. b3 a5 33. Nd5 Rh6
34. Be6+ Kg7 35. Ne7 Rf6 36. Nf5+ Kf8 37. Bc4 Be5 38. Rd3 a4 39. Rf3 axb3 40.
axb3 Ra8 41. b4 cxb4 42. cxb4 Ra1 43. Rb3 Ra2+ 44. Re2 Ra1 45. b5 Bd4 46. Nxd4
Raf1 47. Re8+ Kg7 48. Bxf1 1-0

[Event "Detroit (MOR/6/5)"]
[Site "?"]
[Date "1994.??.??"]
[Round "?"]
[White "Stockton, T."]
[Black "Carr, J."]
[Result "1/2-1/2"]
[WhiteElo "1760"]
[BlackElo "1700"]
[PlyCount "69"]
[EventDate "1994.??.??"]

{6/(5)} 1. e4 c5 2. Nf3 Nf6 3. Nc3 d5 4. e5 Nfd7 5. Bb5 e6 6. O-O a6 7. Bxd7+
Qxd7 8. d4 Nc6 9. Re1 Be7 10. Na4 Nxd4 11. Nb6 Nxf3+ 12. Qxf3 Qc6 13. Nxa8 b5
14. Qg3 g6 15. Bh6 Bb7 16. Bg7 Rg8 17. Bf6 h5 18. Re3 Bxa8 19. Bxe7 Kxe7 20.
Qg5+ Ke8 21. Rh3 d4 22. Rxh5 Qxg2+ 23. Qxg2 Bxg2 24. Rg5 Be4 25. Rc1 Kd7 26. f4
Kc6 27. Kf2 Rh8 28. Kg3 Kd5 29. Rg4 Rh5 30. Rh4 a5 31. Rxh5 gxh5 32. c3 a4 33.
Kf2 d3 34. Ke3 c4 35. a3 1/2-1/2

[Event "Detroit (Class C/5/1)"]
[Site "?"]
[Date "1994.??.??"]
[Round "?"]
[White "Stockton, T."]
[Black "Boyle, John"]
[Result "1-0"]
[WhiteElo "1605"]
[BlackElo "1605"]
[PlyCount "47"]
[EventDate "1994.??.??"]

{5/(1)} 1. e4 c5 2. Nf3 d6 3. d4 cxd4 4. Nxd4 Nf6 5. Nc3 g6 6. Be3 Bg7 7. f3
O-O 8. Qd2 Nc6 9. Bc4 Bd7 10. Bb3 Rc8 11. O-O-O Qa5 12. h4 Rc7 13. g4 Rfc8 14.
Ndb5 Ne5 15. Nxc7 Rxc7 16. Rdf1 Nc4 17. Bxc4 Rxc4 18. Kb1 Be6 19. Nd5 Qb5 20.
Nxe7+ Kf8 21. Qxd6 Ne8 22. Qa3 Bxb2 23. Nxg6+ Kg8 24. Qf8# 1-0

[Event "Detroit (Class C/3/2)"]
[Site "?"]
[Date "1994.??.??"]
[Round "?"]
[White "Stockton, T."]
[Black "Anderson, D."]
[Result "1/2-1/2"]
[WhiteElo "1605"]
[BlackElo "1605"]
[PlyCount "92"]
[EventDate "1994.??.??"]

{3/(2)} 1. e4 c5 2. Nf3 d6 3. d4 cxd4 4. Nxd4 Nf6 5. Nc3 a6 6. Bc4 e6 7. Bb3
Be7 8. f4 Qc7 9. O-O O-O 10. f5 e5 11. Nde2 Nbd7 12. Bg5 b5 13. Qd2 Bb7 14. Ng3
Nc5 15. Bxf6 Bxf6 16. Bd5 b4 17. Nd1 a5 18. Ne3 Rab8 19. Rad1 Bg5 20. Qe2 Qb6
21. Kh1 Nd7 22. Nc4 Qc7 23. Bxb7 Rxb7 24. Nxd6 Rbb8 25. Nc4 Nf6 26. b3 Rfd8 27.
Rxd8+ Rxd8 28. Rd1 Rxd1+ 29. Qxd1 Bf4 30. Qd3 h6 31. Ne2 Ng4 32. Qf3 Nxh2 33.
Qh3 Nf1 34. Nxf4 exf4 35. Qf3 Ng3+ 36. Kh2 a4 37. e5 Nxf5 38. Qxf4 Ne7 39. Nd6
Ng6 40. Qxb4 axb3 41. cxb3 Nxe5 42. Kh1 Qc1+ 43. Kh2 Qg5 44. Ne4 Qh5+ 45. Kg1
Qd1+ 46. Kh2 Qh5+ 1/2-1/2

[Event "Detroit (Class C/3/15)"]
[Site "?"]
[Date "1994.??.??"]
[Round "?"]
[White "Stinson, Darlene"]
[Black "Waite, Lawrence"]
[Result "0-1"]
[WhiteElo "1605"]
[BlackElo "1605"]
[PlyCount "152"]
[EventDate "1994.??.??"]

{3/(15)} 1. e4 c5 2. Nf3 Nc6 3. d4 cxd4 4. Nxd4 d6 5. Nc3 Nf6 6. Be3 e6 7. Be2
Be7 8. O-O O-O 9. Nf3 Qc7 10. h3 a6 11. Bd3 b5 12. a3 Bb7 13. Qd2 Rad8 14. Rfd1
d5 15. exd5 Nxd5 16. Nxd5 Rxd5 17. Qe1 Ne5 18. Qe2 Nxf3+ 19. gxf3 Rh5 20. Kg2
Qc8 21. Rh1 Bg5 22. Rag1 Bxe3 23. fxe3 Qa8 24. Kf2 Rd8 25. Rg3 Rhd5 26. Rhg1 g6
27. f4 Kh8 28. Rg5 Rxg5 29. Rxg5 Be4 30. h4 Bxd3 31. cxd3 Qh1 32. h5 Qh2+ 33.
Ke1 Qh1+ 34. Kf2 Rc8 35. Rg1 Qh4+ 36. Kg2 gxh5 37. Kf3 Qh3+ 38. Rg3 Qh1+ 39.
Qg2 Qd1+ 40. Qe2 Qxe2+ 41. Kxe2 Rc2+ 42. Kf3 Rxb2 43. Rh3 Rb3 44. Ke4 Rxa3 45.
Rxh5 b4 46. Rh1 b3 47. Rb1 Ra4+ 48. Kf3 Rb4 49. Ke2 a5 50. Kd2 a4 51. Kc3 Rb8
52. Kb2 Kg7 53. Ka3 Ra8 54. d4 Kf6 55. e4 h6 56. Rh1 Kg6 57. d5 exd5 58. exd5
Rd8 59. Rd1 Rd7 60. Kxa4 Kf5 61. Kxb3 Kxf4 62. Rh1 Rxd5 63. Rxh6 f5 64. Rh1 Ke3
65. Rf1 f4 66. Kc2 f3 67. Rxf3+ Kxf3 68. Kc3 Ke3 69. Kc4 Ke4 70. Kc3 Rd4 71.
Kb3 Kd3 72. Kb2 Rb4+ 73. Ka3 Kc3 74. Ka2 Kc2 75. Ka3 Rc4 76. Ka2 Ra4# 0-1

[Event "Novi (MI Women/4/3)"]
[Site "?"]
[Date "1994.??.??"]
[Round "?"]
[White "Stinson, Darlene"]
[Black "Venia, S."]
[Result "1-0"]
[WhiteElo "1605"]
[BlackElo "1605"]
[PlyCount "81"]
[EventDate "1994.??.??"]

{4/(3)} 1. e4 e5 2. Nf3 Nc6 3. Bb5 d6 4. O-O Nf6 5. Re1 Bd7 6. c3 Be7 7. d4 O-O
8. Nbd2 a6 9. Ba4 b5 10. Bc2 exd4 11. cxd4 Bg4 12. h3 Bxf3 13. Nxf3 Re8 14. Bf4
Nh5 15. Bd2 Bf6 16. Bc3 b4 17. Ba4 bxc3 18. Bxc6 Re7 19. Bxa8 Qxa8 20. bxc3
Rxe4 21. Rxe4 Qxe4 22. Nd2 Qf5 23. Qe2 g6 24. Ne4 Bh4 25. g4 Nf4 26. Qf3 Nxh3+
27. Qxh3 Qxe4 28. Qxh4 Qc2 29. Qh3 a5 30. Kg2 Qe4+ 31. Qf3 Qxf3+ 32. Kxf3 c5
33. dxc5 dxc5 34. Rb1 Kg7 35. Rb5 g5 36. Rxc5 f6 37. Rxa5 Kg6 38. c4 h5 39.
gxh5+ Kxh5 40. c5 Kh4 41. Ra4+ 1-0

[Event "Detroit (Class C/5/13)"]
[Site "?"]
[Date "1994.??.??"]
[Round "?"]
[White "Stinson, Darlene"]
[Black "Vaughn, Gerald"]
[Result "0-1"]
[WhiteElo "1605"]
[BlackElo "1605"]
[PlyCount "110"]
[EventDate "1994.??.??"]

{5/(13)} 1. a3 d5 2. b4 a5 3. Bb2 axb4 4. axb4 Rxa1 5. Bxa1 Qd6 6. c3 e5 7.
Qa4+ Qd7 8. Qxd7+ Nxd7 9. e3 c6 10. Be2 Ngf6 11. Na3 Bd6 12. Nf3 O-O 13. O-O
Re8 14. Bb2 b5 15. h3 h5 16. Re1 Nf8 17. d3 Bf5 18. Nc2 Ra8 19. Ra1 Rxa1+ 20.
Nxa1 Ne6 21. Nb3 g5 22. Nfd2 g4 23. hxg4 hxg4 24. c4 d4 25. exd4 exd4 26. Nxd4
Nxd4 27. Bxd4 Bxb4 28. Bxf6 Bxd2 29. d4 b4 30. d5 cxd5 31. cxd5 Bc3 32. Bxc3
bxc3 33. Bd1 c2 34. Bxc2 Bxc2 35. Kf1 Kf8 36. Ke2 Ke7 37. Ke3 Kd6 38. f3 gxf3
39. Kxf3 Kxd5 40. Kf4 Bd1 41. Kf5 Bh5 42. Kf4 Kd4 43. g3 Kd5 44. Kf5 Bg6+ 45.
Kf4 Ke6 46. g4 Kd5 47. g5 Ke6 48. Kg4 Ke5 49. Kh4 Kf4 50. Kh3 Kxg5 51. Kg3 Be4
52. Kf2 Kg4 53. Kf1 Kg3 54. Kg1 Bd3 55. Kh1 f5 0-1

[Event "Detroit (Class C/1/21)"]
[Site "?"]
[Date "1994.??.??"]
[Round "?"]
[White "Stinson, Darlene"]
[Black "Serwatowski, Felix"]
[Result "1-0"]
[WhiteElo "1605"]
[BlackElo "1605"]
[PlyCount "77"]
[EventDate "1994.??.??"]

{1/(21)} 1. e4 g6 2. c3 Bg7 3. d4 d6 4. Be3 Nf6 5. Bd3 O-O 6. h3 Nbd7 7. Qd2 e5
8. Bh6 exd4 9. cxd4 Re8 10. f3 Bh8 11. Ne2 Nh5 12. Be3 Nf8 13. O-O c6 14. Nbc3
Ne6 15. a3 Nc7 16. Rac1 Be6 17. f4 Qe7 18. Nd1 d5 19. f5 dxe4 20. fxe6 Qxe6 21.
Bc4 Nd5 22. Nf4 Nhxf4 23. Bxf4 Qd7 24. Bg3 Rf8 25. Bf2 Rae8 26. Ne3 Nc7 27. Ng4
Re7 28. Nh6+ Kg7 29. Qe3 Nd5 30. Bxd5 cxd5 31. Bh4 f6 32. Ng4 g5 33. Bxg5 Kg6
34. Bh6 Rff7 35. Ne5+ Rxe5 36. dxe5 d4 37. Qxe4+ Kxh6 38. e6 Qe7 39. Qh4+ 1-0

[Event "Novi (MI Women/2/4)"]
[Site "?"]
[Date "1994.??.??"]
[Round "?"]
[White "Stinson, Darlene"]
[Black "Garrett, J."]
[Result "1-0"]
[WhiteElo "1605"]
[BlackElo "1605"]
[PlyCount "31"]
[EventDate "1994.??.??"]

{2/(4)} 1. e4 e5 2. Nf3 Nf6 3. Nc3 Nc6 4. a3 Bd6 5. Bb5 a6 6. Ba4 O-O 7. O-O
Nxe4 8. Nxe4 Nd4 9. Nxd4 exd4 10. Nxd6 cxd6 11. d3 b5 12. Bb3 Bb7 13. Qg4 Qc8
14. Bh6 g6 15. Qxd4 Qc6 16. Qg7# 1-0

[Event "Detroit (MCO/A/5/9)"]
[Site "?"]
[Date "1994.??.??"]
[Round "?"]
[White "Steverson, Bunnard"]
[Black "Turner, Keita"]
[Result "0-1"]
[WhiteElo "1915"]
[BlackElo "1820"]
[PlyCount "66"]
[EventDate "1994.??.??"]

{5/(9)} 1. d4 Nf6 2. Nf3 g6 3. Nbd2 Bg7 4. e4 d6 5. Bd3 O-O 6. O-O Nbd7 7. Re1
e5 8. c3 a6 9. Nf1 Nh5 10. Bg5 f6 11. Be3 b5 12. dxe5 Nxe5 13. Nxe5 fxe5 14.
Bxb5 Qf6 15. Qb3+ Kh8 16. Bc6 Be6 17. Qa4 Rab8 18. b3 Nf4 19. Qxa6 Nxg2 20. Qe2
h5 21. Ba7 Nf4 22. Qe3 h4 23. Ng3 hxg3 24. Qxg3 Rbd8 25. c4 Kh7 26. a4 Rh8 27.
Be3 Kg8 28. a5 Rh3 29. a6 Rxg3+ 30. fxg3 Bh3 31. Ra2 Nd3 32. Bd5+ Kh7 33. Rd1
Rf8 0-1

[Event "Detroit (MCO/A/6/11)"]
[Site "?"]
[Date "1994.??.??"]
[Round "?"]
[White "Steverson, Bunnard"]
[Black "Takriti, Samer"]
[Result "0-1"]
[WhiteElo "1915"]
[BlackElo "1850"]
[PlyCount "58"]
[EventDate "1994.??.??"]

{6/(11)} 1. d4 Nf6 2. Nf3 g6 3. Nbd2 Bg7 4. e4 d6 5. Bd3 O-O 6. O-O Nbd7 7. Re1
e5 8. c3 Nh5 9. Nf1 Nf4 10. Bxf4 exf4 11. Qd2 g5 12. h3 h5 13. Bc2 Nb6 14. Qd3
f5 15. e5 g4 16. hxg4 hxg4 17. N3h2 dxe5 18. Nxg4 e4 19. Rxe4 fxe4 20. Qxe4 Bf5
21. Bb3+ Kh7 22. Qxf4 Qh4 23. Qh2 Qxh2+ 24. Ngxh2 Bh6 25. Ng3 Bg6 26. Nf3 Nd7
27. Be6 Rad8 28. Re1 Rfe8 29. Ne4 Kg7 0-1

[Event "Detroit (MCO/A/3a/1)"]
[Site "?"]
[Date "1994.??.??"]
[Round "?"]
[White "Steverson, Bunnard"]
[Black "Santiago, Reynaldo"]
[Result "0-1"]
[WhiteElo "1915"]
[BlackElo "1995"]
[PlyCount "52"]
[EventDate "1994.??.??"]

1. d4 Nf6 2. Nf3 g6 3. e3 Bg7 4. Bd3 d6 5. O-O O-O 6. Nbd2 Nbd7 7. Re1 c5 8. c3
Qc7 9. e4 e5 10. d5 a6 11. c4 Rb8 12. a4 b6 13. Nf1 Nh5 14. g3 Ndf6 15. Ne3 Bh6
16. Ng2 Bxc1 17. Qxc1 Kg7 18. Nfh4 Qd7 19. Be2 Qh3 20. Qe3 h6 21. Rf1 g5 22.
Nf3 Ng4 23. Qd3 f5 24. exf5 Bxf5 25. Qd2 Be4 26. Nge1 Bxf3 0-1

[Event "Detroit (MI Op/2/41)"]
[Site "?"]
[Date "1994.??.??"]
[Round "?"]
[White "Steverson, Bunnard"]
[Black "Meza, L."]
[Result "1/2-1/2"]
[WhiteElo "1915"]
[BlackElo "1750"]
[PlyCount "125"]
[EventDate "1994.??.??"]

{2/(41)} 1. d4 d5 2. Nf3 Nf6 3. e3 Bg4 4. Bd3 e6 5. c3 Nbd7 6. Nbd2 Bd6 7. e4
dxe4 8. Nxe4 Be7 9. Nxf6+ Nxf6 10. Qa4+ Qd7 11. Bb5 c6 12. Be2 Qc7 13. Bg5 O-O
14. O-O Nd5 15. Bxe7 Qxe7 16. g3 Qf6 17. Qd1 h5 18. Ne5 Bxe2 19. Qxe2 Qg5 20.
f4 Qf5 21. Rae1 Rfe8 22. Qf3 Rad8 23. Nd3 g6 24. Re5 Qf6 25. Rfe1 Nb6 26. b3
Rd5 27. Nc5 Rxe5 28. Rxe5 Qe7 29. Rg5 Kh7 30. Re5 Nd5 31. g4 b6 32. Na4 hxg4
33. Qxg4 Qa3 34. Re2 Qc1+ 35. Kf2 Qxf4+ 36. Qxf4 Nxf4 37. Re3 Nd5 38. Rf3 Kg7
39. c4 Nf6 40. h3 Rh8 41. Nc3 Rh4 42. Ke3 Nh7 43. Ne4 Rxe4+ 44. Kxe4 Ng5+ 45.
Kf4 Nxf3 46. Kxf3 Kf6 47. Ke4 Ke7 48. h4 f6 49. b4 Kd6 50. a4 Kd7 51. b5 c5 52.
dxc5 bxc5 53. a5 Kd6 54. Kf4 e5+ 55. Kg4 f5+ 56. Kg5 e4 57. Kf4 Kd7 58. a6 Kc7
59. Ke3 Kb6 60. Kf4 Ka5 61. Ke3 Kb6 62. Kf4 Kc7 63. Ke3 1/2-1/2

[Event "Detroit (MCO/A/1a/10)"]
[Site "?"]
[Date "1994.??.??"]
[Round "?"]
[White "Steverson, Bunnard"]
[Black "Haakonstad, Olaf"]
[Result "1-0"]
[WhiteElo "1915"]
[BlackElo "1815"]
[PlyCount "33"]
[EventDate "1994.??.??"]

1. d4 e6 2. Nf3 Nf6 3. e3 b6 4. Bd3 Bb7 5. Nbd2 d5 6. O-O Bd6 7. Re1 c5 8. c3
O-O 9. e4 dxe4 10. Nxe4 Nxe4 11. Rxe4 Bxe4 12. Bxe4 Nd7 13. Bxa8 Qxa8 14. Bg5
cxd4 15. Qxd4 Qd5 16. Rd1 Nf6 17. Bxf6 1-0

[Event "Detroit (MCO/DEU/1a/1)"]
[Site "?"]
[Date "1994.??.??"]
[Round "?"]
[White "Stevens, J."]
[Black "Danek, C."]
[Result "0-1"]
[WhiteElo "1605"]
[BlackElo "1605"]
[PlyCount "58"]
[EventDate "1994.??.??"]

1. e4 c5 2. Nf3 d6 3. d4 cxd4 4. Nxd4 Nf6 5. Nc3 a6 6. f4 Qc7 7. Be2 b5 8. a3
Bb7 9. Bf3 e5 10. Nf5 g6 11. Ne3 Nc6 12. Ned5 Nxd5 13. Nxd5 Qd8 14. O-O Bg7 15.
f5 Nd4 16. fxg6 hxg6 17. c3 Ne6 18. Bg4 Bxd5 19. Qxd5 Nf4 20. Bxf4 exf4 21.
Rxf4 Qb6+ 22. Kh1 Ra7 23. Raf1 Be5 24. R4f2 Rxh2+ 25. Kg1 Rh4 26. Bh3 Bg3 27.
Qg5 Bxf2+ 28. Rxf2 Rxe4 29. Qd2 Rae7 0-1